1243 1055 1090 1659 1234 1424 1060 1472 1608 1947 1511 1442 1865 1173 1421 1270 1717 1792 1782 1488 1246 1110 1623 1511 1061 1926 1266 1081 1416 1916 1188 1501 1511 1712 1743 1308 1112 1295 1000 1967 1262 1635 1260 1659 1972 1513 1760 1064 1307 1564 1977 1039 1290 1825 1139 1353 1683 1930 1705 1620 1163 1836 1147 1194 1677 1505 1629 1742 1879 1210 1357 1420 1552 1983 1939 1932 1736 1024 1667 1338 1976 1997 1388 1524 1305 1285 1298 1702 1055 1106 1286 1095 1805 1905 1338 1815 1086 1919 1550 BCNSPRNW ULIB Ver.6.0+V

เปลี่ยนเป็นภาษาไทย

Change to English
 แสดงรายละเอียดบรรณานุกรม
  กลับหน้าหลัก

Brief Record : Get Marc (ISO 2709) : E-mail record : QR code < ปิดหน้าต่าง
LEADER : 00000nam 2200000uu 4500
001    13399112830
003     ULIB
008    110912s2553||||th 000 0 tha d
020    9786162020919
041 1  tha^heng
060  4 WY100^bช615ก 2550
245 00 เกณฑ์คุณภาพการศึกษาเพื่อการดำเนินงานที่เป็นเลิศ 2552-2553=^b2009 - 2010 Education criteria for performance excellence : baldrige national quality program /^c[แปลและเรียบเรียง]โดย ลภาพรรณ จูวงส์ ; ปรับปรุงโดย พรทิพย์ กาญจนนิยต, สมสมร วงศ์รจิต, พรสุรีย์ ภักดีไทย
246 31 2009-2010 Education criteria for performance excellence :^bbaldrige national quality program
250    พิมพ์ครั้งที่ 2
260    กรุงเทพฯ :^bสำนักมาตรฐานอุดมศึกษาสำนักงานปลัดทบวงมหาวิทยาลัย,^c2553
300    271 หน้า ;^c30 ซม.
650  4 การบริหารงานคุณภาพเบ็ดเสร็จ
650  4 การประเมินผลทางการศึกษา
650  4 การศึกษา^xการประเมิน
650  4 การศึกษา^xมาตรฐาน
650  4 การศึกษาขั้นอุดมศึกษา^xการประเมิน
650  4 นโยบายการศึกษา^zไทย
650  4 ประกันคุณภาพการศึกษา
650  4 ประกันคุณภาพการศึกษาระดับอุดมศึกษา
700 0  ลภาพรรณ จูวงส์,^eผู้แปล
700 0  พรทิพย์ กาญจนนิยต
700 0  สมสมร วงศ์รจิต
700 0  พรสุรีย์ ภักดีไทย
710 2  สำนักมาตรฐานอุดมศึกษา
995    ทศพร
999 ^a ทศพร
รายการนี้ยังไม่มีแท็ก
คุณยังไม่ได้ล็อกอิน คุณสามารถมีกิจกรรมร่วมกับเว็บไซต์ได้ แต่ต้องล็อกอินก่อน ::
  ล็อกอิน

รายการสื่อสารสนเทศ

ลำดับที่ ประเภท เลขเรียก/บาร์โค้ด สถานที่ สถานะ
- ไม่พบข้อมูล -

รายการใกล้เคียง
    หัวเรื่อง [การบริหารงานคุณภาพเบ็ดเสร็จ]
    หัวเรื่อง [การประเมินผลทางการศึกษา]
    หัวเรื่อง [ประกันคุณภาพการศึกษา]
    หัวเรื่อง [ประกันคุณภาพการศึกษาระดับอุดมศึกษา]

BibComment


ยังไม่เคยถูกคอมเมนท์

คอมเมนท์ทรัพยากรรายการนี้
  คอมเมนท์: เกณฑ์คุณภาพการศึก..


 Copyright 2026. Bcnsprnw @Library